000 01280 a2200241 4500
001 40
005 20260407155404.0
008 260407a2006 arg spa d
003 AR-UNSa-BCEJYS
040 _aAR-UNSa-BCEJYS
_bspa
_cAR-UNSa-BCEJYS
080 _a330.101.542
_xMicroeconomía
245 1 0 _aMicroeconomía
_pversión para Latinoamerica
020 _a978-970-26-0718-2
250 _a7a. ed
264 1 _aMéxico :
_bPearson Educación
_c2006
300 _axIii, 519 p.
_c25 cm.
520 _a1. ¿Qué es la economía? - 2. El problema económico - 3. Oferta y demanda - 4. Elasticidad - 5. Eficiencia y equidad - 6. Los mercados en la práctica - 7. Utilidad y demanda - 8. Posibilidades, preferencias y elecciones - 9. Organización de la producción - 10. Producción y costos - 11. Competencia perfecta - 12. Monopolio - 13. Competencia monopolística y oligopolio - 14. Regulación y ley antimonopolio - 15. Externalidades - 16. Bienes públicos y recursos comunes - 17. Oferta y demanda en los mercados de factores - 18. Desigualdad económica - 19. Incertidumbre e información - 20. El comercio internacional
942 _cBK
590 _aniveau_biblio:m niveau_hierar:0
100 1 _aParkin, Michael
700 1 _aEsquivel, Gerardo
700 1 _aAvalos, Marcos
999 _c32
_d32